Loading...
Science - Biology | 0 | 3 | 0 | 1 | 30 | 97 | 112.33 | 0 | 0 |
History - American History | 0 | 2 | 0 | 1 | 20 | 92 | 108.50 | 0 | 1 |
Literature - World Literature | 0 | 2 | 1 | 0 | 15 | 110 | 115.00 | 0 | 1 |
Philosophy | 0 | 1 | 0 | 1 | 10 | 142 | 142.00 | 0 | 0 |
History - Other History | 0 | 1 | 0 | 0 | 10 | 131 | 131.00 | 0 | 0 |
Social Science | 0 | 1 | 0 | 1 | 10 | 121 | 121.00 | 0 | 0 |
Mythology | 0 | 1 | 1 | 0 | 5 | 62 | 62.00 | 0 | 1 |
Fine Arts - Other Fine Arts | 0 | 1 | 1 | 0 | 5 | 110 | 110.00 | 0 | 1 |
Science - Other Science | 0 | 1 | 1 | 0 | 5 | 129 | 129.00 | 0 | 1 |
Science - Chemistry | 0 | 0 | 1 | 0 | -5 | 0.00 | 0 | 0 | |
Literature - American Literature | 0 | 0 | 1 | 0 | -5 | 0.00 | 0 | 0 | |
Science - Physics | 0 | 0 | 1 | 0 | -5 | 0.00 | 0 | 0 | |
Literature - British Literature | 0 | 0 | 1 | 0 | -5 | 0.00 | 0 | 0 |